000 00802nam a2200253Ia 4500
003 OSt
005 20220930200430.0
006 a|||||r|||| 00| 0
007 ta
008 220926b |||||||| |||| 00| 0 eng d
024 _a27947
037 _cDissertations
040 _aCRL
_cCRL
_beng
041 _2eng
_aeng
100 _aSankaran K
_9564909
110 _aUniversity of Delhi. Faculty of Medical Sciences. Department of Medicine
245 0 _aIncidence and effects of heart disease on pregnancy among Indian women
260 _c1966
650 _aMEDICINE
700 _a Dr P Sikand Supervisor
_9524070
700 _aUniversity of Delhi. Faculty of Medical Sciences. Department of Medicine
942 _cDIS
_2CC
999 _c900585
_d900585